Peroxidase activity in healthy and leaf-rust-infected wheat leaves (Record no. 45659)

MARC details
000 -LEADER
fixed length control field 00339nam a2200121Ia 4500
100 ## - MAIN ENTRY--AUTHOR NAME
Personal name Johnson Lowell B
245 #0 - TITLE STATEMENT
Title Peroxidase activity in healthy and leaf-rust-infected wheat leaves
260 ## - PUBLICATION, DISTRIBUTION, ETC. (IMPRINT)
Name of publisher Phytochemistry
Year of publication 1972
300 ## - PHYSICAL DESCRIPTION
Number of Pages 547-551
700 ## - ADDED ENTRY--PERSONAL NAME
Personal name Cunningham Bryce A
942 ## - ADDED ENTRY ELEMENTS (KOHA)
Koha item type Reprints
Holdings
Withdrawn status Lost status Damaged status Not for loan Home library Current library Date acquired Serial Enumeration / chronology Accession Number Koha item type
      Reprints RRII Library RRII Library 22/12/2021 Volume 11, Issue P1435 Reprints